00222nam a22000977a 4500040000800000082001400008100002000022245006500042250000800107300000900115 cdlc a808.06665 aStella Cottrell aPalgrave Study Skills : The Study Skills Handbook - 3rd edi a2nd a351p